Pod balvanom ekonomických krokov Hovoríme s popredným ekonomickým odborníkom a podpredsedom SNS Ing. Jozefom Horským

Bibliographic Details
Main Authors: Horský, Jozef (Author), Hrušovský, Bohuš (Author), Hrušovský, Bohuslav (Author)
Format: Article
Language:Slovak
Subjects:

MARC

LEADER 00000nab a2200000 a 4500
001 vtls000394696
003 SK-MaSNL
005 20260302232308.0
008 111202c1990 xo 0 slo
015 |a SNBRB19rr/mm-uuuuu 
035 |a CL0394820 
040 |a SNKBUCL  |b slo  |c SNKBUCL  |e AACR2 
041 0 |a slo 
044 |a xo  |c SK 
080 |a 338.2(437)  |2 1981 
100 1 |a Horský, Jozef  |4 aut  |9 650315 
245 1 0 |a Pod balvanom ekonomických krokov  |b Hovoríme s popredným ekonomickým odborníkom a podpredsedom SNS Ing. Jozefom Horským  |c Jozef Horský, Bohuš Hrušovský ; Bohuslav Hrušovský 
650 0 7 |a ekonomika ČSFR  |2 snkbucl  |9 952588 
650 0 7 |a ekonomika SR  |2 snkbucl  |9 963262 
655 7 |a články z novín a časopisov  |2 snkbucl  |9 267496 
700 1 |a Hrušovský, Bohuš  |4 aut  |9 529530 
700 1 |a Hrušovský, Bohuslav  |4 aut  |9 964255 
773 0 |t Slovenský národ  |g Č. 22 (1990), s. 1 a 4 
850 |a Slovenská národná knižnica v Martine  |a MTA001 
852 |a SNK  |b KIS3GCP 
958 |a RK 
992 |a RBX 
999 |c 1542313  |d 1544243